Audit vnitřní komunikace

Čo je to audit internej komunikácie, základné funkcie auditu, metódy auditu, závery komunikačného auditu.

Saved in:
Bibliographic Details
Main Author: Urban, Jan
Format: Book Chapter
Language:Czech
Subjects:
Tags: Add Tag
No Tags, Be the first to tag this record!

MARC

LEADER 00000naa a2200000 4500
001 0118596
005 20231019115223.1
041 0 |a cze 
044 |a CZ 
245 1 0 |a Audit vnitřní komunikace  |c Jan Urban 
520 |a Čo je to audit internej komunikácie, základné funkcie auditu, metódy auditu, závery komunikačného auditu. 
610 2 0 |a komunikácia interná 
610 2 0 |a audit 
100 1 |a Urban, Jan